000 02011nam a2200517 i 4500
001 51386
003 KOSZ 005
005 20220329132218.0
008 051124s2005 pl a f f |000 0 pol
015 _aUWD 2005/21108
020 _a8371932820
035 _a991028867299705066
035 _a(PL-WaBN)b17806987-48omnis_nlop
035 _ab17806987
035 _a(OCoLC)69489733
035 _azz2005958258
035 _a(PL)b0000001780698
035 _a(EXLNZ-48OMNIS_NETWORK)9910327739205606
040 _aWA N
_cWA N
_dKOSZ 005/HR
046 _k2005
080 _a628.1
080 _a(075.8)
245 0 0 _aĆwiczenia laboratoryjne z technologii wody :
_bpraca zbiorowa /
_cpod red. Marty Janosz-Rajczyk ; [aut. Lidia Dąbrowska et al.] ; Politechnika Częstochowska. Wydział Inżynierii i Ochrony Środowiska. Katedra Chemii, Technologii Wody i Ścieków.
250 _aWyd. 2 popr. i uzup.
260 _aCzęstochowa :
_bWydawnictwa Politechniki Częstochowskiej,
_c2005.
300 _a245, [1] s. :
_brys., wykr. ;
_c24 cm.
336 _aTekst
_btxt
_2rdacontent
337 _aBez urządzenia pośredniczącego
_bn
_2rdamedia
338 _aWolumin
_bnc
_2rdacarrier
380 _aKsiążki
380 _aPublikacje dydaktyczne
385 _mPoziom nauczania
_aSzkoły wyższe
388 _a2001-
490 1 _aSkrypty Politechniki Częstochowskiej
_x1234-9909
_v51
504 _aBibliogr. przy rozdz.
650 7 _aUzdatnianie wody
_2DBN
655 7 _aPodręczniki akademickie
_2DBN
658 _aInżynieria i technika
700 1 _aDąbrowska, Lidia
_c(inżynieria i ochrona środowiska)
_eAutor
700 1 _aJanosz-Rajczyk, Marta
_d(1944- )
_eRedakcja
710 2 _aWydawnictwo Politechniki Częstochowskiej
_4pbl
830 0 _aSkrypty Politechniki Częstochowskiej
_v51
856 _uhttp://koha.tu.koszalin.pl/cgi-bin/koha/opac-detail.pl?biblionumber=51386
_yKatalog online BPK
942 _2UKD
_cKS
999 _c51386
_d51386